Elements That Are Metalloids - Statistics

General Stats
  • This quiz has been taken 41 times
  • The average score is 5 of 7
Answer Stats
Element % Correct
Boron
92%
Silicon
92%
Arsenic
84%
Germanium
80%
Antimony
68%
Polonium
64%
Tellurium
60%
No matching quizzes found
Score Distribution
Percent of People with Each Score
Percentile by Number Answered
Your Score History
You have not taken this quiz